000 00687nam a2200181 a 4500
008 120416s1963 ||||||||||||||||| || u
050 _aHD 82 Wal
100 _aWalinsky, Louis Joseph
245 1 4 _aThe planning and execution of economic development
246 _aa nontechnical guide for policy makers and administrators
260 _aNew York
_bMcGraw-Hill
_c1963
300 _axiii, 248p. : ill.
350 _a0.00
650 0 _aECONOMIC DEVELOPMENT--AFRICA, SUB-SAHARAN
650 0 _aECONOMICS
650 0 _aECONOMIC POLICY
995 _D0.00
_FCBU-MAIN LIBRARY (Kitwe)
_H1
_I0.00
_M1
_UAVAILABLE
_ZAnnex Low-Usage Collection
999 _c53687
_d53687